00450nam a22001217a 4500008004100000040005500041080002200096245013100118260002700249300001000276650001700286653002500303230410b |||||||| |||| 00| 0 eng d aNational Science LibrarycNational Science Library a342.732(047) bK2 aMemorandum on human rights seminar on freedom of information c/United Nations, New Delhi, :NIIA, 20 February to 5 March 1962  bUnited Nations, c1962 a68p.  aHuman right  aFreedom information